<The> Need for Development of Knowledge for Sustainability in the Czech-Polish Border Industrial Region
Potreba rozvoja poznatkov o udržateľnosti českej a poľskej hranice priemyselného regiónu. História priemyslu v regióne. Perspektívy hlbšej potreby vývoja poznatkov o procesoch a ich dôsledkoch aj v iných oblastiach. Potreba zapojenia širokej verejnosti do riešenia problémov, rozvoja vedomostí a mot...
Uložené v:
| Hlavný autor: | |
|---|---|
| Médium: | Kapitola |
| Jazyk: | English |
| Tagy: |
Žiadne tagy, Buďte prvý, kto otaguje tento záznam!
|
MARC
| LEADER | 00000nla a2200000 4500 | ||
|---|---|---|---|
| 001 | 0246886 | ||
| 005 | 20240417075143.0 | ||
| 041 | 0 | |a eng | |
| 044 | |a SK | ||
| 245 | 1 | 0 | |a <The> Need for Development of Knowledge for Sustainability in the Czech-Polish Border Industrial Region |c Bohumil Horák |
| 520 | |a Potreba rozvoja poznatkov o udržateľnosti českej a poľskej hranice priemyselného regiónu. História priemyslu v regióne. Perspektívy hlbšej potreby vývoja poznatkov o procesoch a ich dôsledkoch aj v iných oblastiach. Potreba zapojenia širokej verejnosti do riešenia problémov, rozvoja vedomostí a motivácie nadchádzajúcej generácie pre trvalo udržateľný rozvoj regiónu. | ||
| 100 | 1 | |a Horák, Bohumil | |